Statistiken für Alle F1 Strecken 1950-2023

Klicken Sie hier um das Quiz zu spielen!

Allgemein

  • Dieses Quiz wurde 163 mal gespielt
  • Das Durchschnittsergebnis liegt bei 19 aus 77

Antwortstatistiken

Erstes/
Letztes
Rennen
Antwort% Korrekt
1950-2023Monza
83%
1950-2023Silverstone
81%
1951-2020Nürburgring
79%
1950-2023Spa
78%
1950-2023Monaco
74%
1970-2019Hockenheimring
73%
1980-2023Imola
66%
2004-23Bahrain
61%
2022-23Miami
61%
2023Las Vegas
59%
1991-2023Barcelona
57%
1970-2023Red Bull Ring
57%
1987-2023Suzuka
54%
1952-2023Zandvoort
52%
2012-23Austin
45%
2016-23Baku
45%
1986-2023Hungaroring
44%
2004-19Shanghai
43%
2021-23Jeddah
40%
1963-2023Mexiko-Stadt
40%
2008-12Valencia
40%
1973-2023Interlagos
37%
1978-2023Montreal
35%
1950-2007Indianapolis
34%
2005-21Istanbul
33%
1996-2023Albert Park
31%
2009-23Yas Marina
29%
2020-21Portimão
28%
2020Mugello
27%
2014-23Sochi
27%
2008-23Marina Bay
26%
1976-2008Fuji
24%
1971-2023Paul Ricard
24%
1999-2017Sepang
24%
1985-95Adelaide
23%
1964-86Brands Hatch
21%
1959AVUS
20%
2021-23Losail
20%
1986-97Jerez
18%
1953-98Buenos Aires
16%
1984-96Estoril
16%
2010-13Korea
16%
1967-93Kyalami
15%
1967Le Mans
15%
1984Dallas
12%
1982-88Detroit
12%
2011-13Buddh
11%
1973-84Zolder
9%
1993Donington Park
8%
1958-60Porto
8%
1978-89Rio de Janeiro
8%
1958Casablanca
6%
1989-91Phoenix
6%
1961-80Watkins Glen
6%
1964Zeltweg
6%
1950-54Bremgarten
5%
1981-82Caesars Palace
5%
1974-84Dijon
5%
1968-81Jarama
5%
1976-83Long Beach
5%
1969-75Montjuïc
5%
1950-66Reims
5%
1991-2008Nevers
3%
1960Riverside
3%
1959Sebring
3%
1955-62Aintree
2%
1973-78Anderstorp
2%
1965-72Charade
2%
1959Monsanto
2%
1967-77Mosport Park
2%
1972-74Nivelles
2%
1957Pescara
2%
1952-68Rouen
2%
1962-65East London
1%
1968-70Mont-Tremblant
1%
1994-95Okayama
1%
1951-54Pedralbes
1%

Verteilung der Resultate

Perzentil nach korrekt beantworteten Fragen

Anzahl Personen mit jedem Resultat

Ihre Resultats-Entwicklung

Sie haben dieses Quiz noch nicht gespielt